Z pultov vraj naďalej miznú

Slováci majú záujem o slovenské potraviny, ale z pultov našich predajní, podľa prieskumu, naďalej miznú. Medziročný pokles. Situácia v reťazcoch.

Salvato in:
Dettagli Bibliografici
Autore principale: Hinková, Andrea
Natura: Capitolo di libro
Lingua:slovacco
Soggetti:
Tags: Aggiungi Tag
Nessun Tag, puoi essere il primo ad aggiungerne!!

MARC

LEADER 00000naa a2200000 4500
001 0174118
005 20231109070703.6
041 0 |a slo 
044 |a SK 
245 1 0 |a Z pultov vraj naďalej miznú  |c Andrea Hinková 
520 |a Slováci majú záujem o slovenské potraviny, ale z pultov našich predajní, podľa prieskumu, naďalej miznú. Medziročný pokles. Situácia v reťazcoch. 
610 2 0 |a potraviny 
610 2 0 |a trh potravinový 
610 2 0 |a Slovensko 
100 1 |a Hinková, Andrea